000 01324nam a2200289 a 4500
999 _c392139
_d392139
003 BLK
005 20241204132946.0
008 201209b bu |||||r|||| 00| | bu d
020 _a9786191515271
040 _aBLK
041 _aBUL
_cBUL
080 _aАнглийска литература
_b821.111
_x-93-311.9
_z821.111-93-311.9
100 _91299
_aЕдж, Кристофър
_eпърви автор
139 _aЕдж, Кристофър
_bЕ 29
245 _aУравнението на Джейми Дрейк
_cКристофър Едж ; прев. от англ. ез. Александър Маринов
260 _9209582
_aСофия
_bСофтПрес
_c2020
_f([Костинброд] : [Мултипринт ООД])
_n978-619-151- ; 978-954-685-
300 _a192 с.
_bс ил.
_c20 см
380 _aDX
500 _aОриг. загл.: The Jamie Drake equation / Christopher Edge
700 _aМаринов, Александър Валентинов
_d1979-
_gПреводач от/на английски език
_qАлександър Маринов-Санчо
_9382244
852 _aЦб 305962
_bЦб
942 _cKNG
_n0
_s1
_03
944 _aCR
_k30560
_lГеновева Генчева
944 _aED
_kРенета Константинова
_c2021-02-25
999 _d392139
999 _d392139